Alchemy: (Record no. 191717)

MARC details
000 -LEADER
fixed length control field 00558nam a22001817a 4500
005 - DATE AND TIME OF LATEST TRANSACTION
control field 20220901121245.0
010 ## - LCCN (DPL NO)
LC control number ENG-134863
020 ## - INTERNATIONAL STANDARD BOOK NUMBER
International Standard Book Number 9788194705277
Terms of availability 270.00
035 ## - SYSTEM CONTROL NUMBER
System control number EN-118395
037 ## - SOURCE OF ACQUISITION
Source of stock number/acquisition DBAD/PUB
082 ## - DEWEY DECIMAL CLASSIFICATION NUMBER
Classification number 881
100 ## - MAIN ENTRY--PERSONAL NAME
Personal name Tekali, Jenayah Hela
245 ## - TITLE STATEMENT
Title Alchemy:
Remainder of title Another Name For Love/
Statement of responsibility, etc Jenayah Hela Tekali
260 ## - PUBLICATION, DISTRIBUTION, ETC. (IMPRINT)
Place of publication, distribution, etc Gurugram
Name of publisher, distributor, etc Global Fraternity of Poets
Date of publication, distribution, etc 2020
270 ## - ADDRESS
City Gurugram
Address H-23/16, DLF Phase-I,
Postal code 122002
Electronic mail address globalfop@gmail.com
300 ## - PHYSICAL DESCRIPTION
Extent xiv, 56p.
Dimensions 21cm(pbk)
942 ## - ADDED ENTRY ELEMENTS (KOHA)
Source of classification or shelving scheme Dewey Decimal Classification
Item type English Books
Classification part 881
Call number suffix TEK
Holdings
Withdrawn status Lost status Not for loan Collection code Home library Current library Date acquired Source of acquisition Cost, normal purchase price Full call number Barcode Copy number Cost, replacement price Koha item type
      Non-fiction Shahdara Branch Shahdara Branch 01/09/2022 DBAD/PUB 270.00 881 TEK EN-118395 1 270.00 English Books

© Delhi Public Library
Hit Counter
free hit counter